000 00513nam a2200181Ia 4500
003 IN-BaIIA
008 211028s9999 xx 000 0 eng d
020 _a978-0-297-84372-6
040 _cIIA Library
080 _a93(084.3-54)
_bTHE
245 4 _aThe map book
_cedited by Peter Barber
260 _aLondon
_bWeidenfeld & Nicolson
_c2005
300 _a360p.
650 _aMap book
_929660
650 _aWorld history
700 _aBarber, Peter., ed.
_929661
942 _cBK
999 _c16042
_d16042